000
00260nam a2200097Ia 4500
001
652743
005
20250826154444.0
008
250824s9999 xx 000 0 und d
245
0
_a
ÇOCUKLAR İÇİN ÂMENTÜ
_c
EMİNE TAŞGETİREN
260
_b
ALTIN COCUK YAYINLARI
999
_c
652743
_d
652743